000 00608nam a2200205Ia 4500
003 GCL
008 140319s9999 xx 000 0 ara d
040 _aGCL /
_cGCL
082 0 4 _a810.96
_bم ا
100 1 _aمحمد عبدالمنعم خفاجى
245 1 0 _aالادب الاندلسى :
_bالتطور والتجديد /
_cمحمد عبدالمنعم خفاجى
300 _a798
490 _aكتاب
_v0
650 0 4 _aالاندلس
650 0 4 _aالشعر
650 0 4 _aالثقافة
650 0 4 _aالنثر
650 0 4 _aالادب العربى - تاريخ ونقد
942 _2ddc
_cBK
999 _c41765
_d41765